| 000 | 01980cam a22005294i 4500 | ||
|---|---|---|---|
| 003 | PE-LiUPU | ||
| 005 | 20250731165639.0 | ||
| 008 | 150616s r 000 0 d | ||
| 020 | _a1850750106 | ||
| 035 | _a(Sirsi) i9781850750109 | ||
| 040 |
_aPE-LiUPU _bspa _cPE-LiUPU _erda |
||
| 049 | _aPRUA | ||
| 082 | 0 | 4 |
_a221.07 _bJ _221 |
| 100 | 1 |
_aJobling, David, _eautor. |
|
| 245 | 1 | 4 |
_aThe sense of Biblical Narrative : _bStructural Analyses in the Hebrew Bible II. _n39 / _cDavid Jobling. |
| 264 | 1 |
_aSheffield, Inglaterra : _bJSOT Press, _c1987. |
|
| 300 |
_a152 páginas ; _c21 centímetros |
||
| 336 |
_atext _2rdacontent |
||
| 337 |
_aunmediated _2rdamedia |
||
| 338 |
_avolume _2rdacarrier |
||
| 490 | 0 |
_aJournal for The Study of The Old Test. Supplem. Series ; _v39 |
|
| 504 | _aIncluye bibliografía. | ||
| 505 | 0 | _aMyth and its limits in Genesis 2.4-3.24 -- Deuteronomic political theory in Judges and 1 Samuel 1-12 -- "The Jordan a Boundary": Transjordan in Israel's ideological geography. | |
| 526 | _aSEG44 | ||
| 526 | _aSEG26 | ||
| 526 | _aP151 | ||
| 526 | _aP150 | ||
| 526 | _aP149 | ||
| 526 | _aP146 | ||
| 526 | _aP145 | ||
| 526 | _aP126 | ||
| 526 | _aP125 | ||
| 526 | _aP92 | ||
| 526 | _aP75 | ||
| 526 | _aP74 | ||
| 526 | _aP27 | ||
| 526 | _aP15 | ||
| 630 |
_aBiblia. _pA.T. _PG énesis _xComentarios. |
||
| 650 | 0 | 4 | _a |
| 910 |
_ajck _bjvq _cjck |
||
| 942 |
_2ddc _cBOOK |
||
| 949 |
_aRC 221.07 J 39 _wDEWEY _c1 _i40305 _lCCODEBUL1 _mBUL _r0 _sY _tBOOK _u2015-6-16 _xTEOLOGIA _zUNKNOWN _0COMPRA _o.CIRCNOTE. No olvidar cambiar la fecha de devolución!!!!!!! _o.STAFF. Colección General |
||
| 994 |
_aC0 _bPEPRU |
||
| 596 | _a1 | ||
| 999 |
_aRC 221.07 J 39 _wDEWEY _c58107 _i40305 _f2021-11-8 _g6 _lCCODEBUL1 _mBUL _r1 _sY _tBOOK _u2015-6-16 _xTEOLOGIA _zUNKNOWN _0COMPRA _o.CIRCNOTE. No olvidar cambiar la fecha de devolución!!!!!!! _o.STAFF. Colección General _d58107 |
||
| 980 |
_81 _gALBERTO SANCHEZ Responsable de Automatización |
||